[Event "Høstturneringen 2023"]
[Site "Ås, Viken NOR"]
[Date "2023.09.14"]
[Round "2"]
[White "Hrituleac, Paul"]
[Black "Johansen, Anders Sten"]
[Result "0-1"]
[WhiteElo "1363"]
[BlackElo "1716"]
[PlyCount "53"]
[EventDate "2023.09.07"]

1. d4 d5 2. c4 c6 3. Nc3 Nf6 4. Bg5 e6 5. e3 Nbd7 6. c5 Be7 7. Bd3 e5 8. dxe5 Nxe5 9. b4 Nxd3+ 10. Qxd3 O-O 11. Nge2 a5 12. b5 Bxc5 13. bxc6 bxc6 14. O-O Be7 15. Rfd1 Ba6 16. Qf5 Bxe2 17. Nxe2 Ne4 18. Bxe7 Qxe7 19. Rac1 Nd6 20. Qc2 Nc4 21. e4 Rfe8 22. Nd4 Rac8 23. Nf5 Qxe4 24. Qxe4 Rxe4 25. f3 Re6 26. Nd4 Ree8 27. Kf2 0-1

[Event "Høstturneringen 2023"]
[Site "Ås, Viken NOR"]
[Date "2023.09.28"]
[Round "2"]
[White "Kielland-Lund, Jon"]
[Black "Krasniqi, Isa"]
[Result "1-0"]
[WhiteElo "1715"]
[BlackElo "1361"]
[PlyCount "55"]

1. c4 e5 2. Nc3 c6 3. Nf3 d6 4. d4 Bg4 5. dxe5 Bxf3 6. exf3 h6 7. Bf4 Be7 8. exd6 Bf6 9. Qe2+ Kf8 10. Ne4 Nd7 11. Qd2 Qb6 12. Nxf6 Ngxf6 13. Be2 Re8 14. O-O a5 15. Be3 c5 16. Rad1 Qd8 17. Rfe1 b6 18. Bf4 Kg8 19. Bd3 g5 20. Rxe8+ Qxe8 21. Re1 Qc8 22. Bg3 Kg7 23. Bf5 Re8 24. Re7 Rxe7 25. dxe7 Qe8 26. Bd6 Ng8 27. Bxd7 Qxd7 28. Be5+ 1-0

[Event "Høstturneringen 2023"]
[Site "Ås, Viken NOR"]
[Date "2023.09.14"]
[Round "2"]
[White "Brenden, Torbjørn"]
[Black "Smith, Robert M"]
[Result "0-1"]
[WhiteElo "1616"]
[BlackElo "1353"]
[PlyCount "54"]

1. d4 Nf6 2. Nf3 d5 3. Bf4 c5 4. e3 Nc6 5. Bb5 Qa5+ 6. Nc3 Ne4 7. Bxc6+ bxc6 8.
O-O Nxc3 9. bxc3 Qxc3 10. Ne5 cxd4 11. exd4 Bf5 12. Bd2 Qxd4 13. Nxc6 Qf6 14.
Nb4 e6 15. Qe2 Qd8 16. Qb5+ Qd7 17. Qxd7+ Kxd7 18. Nd3 Bd6 19. Rab1 Rab8 20.
Be3 Bxd3 21. cxd3 a6 22. Ba7 Rbc8 23. Rb6 Rc6 24. Rb7+ Rc7 25. Rfb1 Rhc8 26.
Bb8 Rxb7 27. Rxb7+ Ke8 0-1

[Event "Høstturneringen 2023"]
[Site "Ås, Viken NOR"]
[Date "2023.09.14"]
[Round "2"]
[White "Andersen, Odd"]
[Black "Hrituleac, Kosta"]
[Result "1-0"]
[WhiteElo "1758"]
[BlackElo "1206"]
[PlyCount "75"]

1. e4 e6 2. d4 d5 3. Nd2 c5 4. c3 Nf6 5. e5 Nfd7 6. f4 Qb6 7. Ndf3 Nc6 8. a3 c4
9. Be2 Be7 10. Rb1 Na5 11. Be3 Nb3 12. Nd2 Nxd2 13. Qxd2 Bxa3 14. Nf3 Be7 15.
O-O h5 16. g3 Qd8 17. Ng5 Bxg5 18. fxg5 h4 19. Rf2 hxg3 20. hxg3 g6 21. Rbf1
Rh7 22. Bg4 Ke7 23. Rh2 Qg8 24. Qc2 Rxh2 25. Kxh2 b6 26. Qa4 Bb7 27. Qb4+ Ke8
28. Bc1 Qh7+ 29. Kg2 Qg8 30. b3 cxb3 31. Ba3 Qf8 32. Qxb3 Qg8 33. Qb4 Qf8 34.
Bxe6 Qxb4 35. Bxf7+ Kd8 36. Bxb4 a5 37. Bd6 Rc8 38. e6 1-0

[Event "Høstturneringen 2023"]
[Site "Ås, Viken NOR"]
[Date "2023.09.14"]
[Round "2"]
[White "Nicolaisen, Lars-Henrik Nystøyl"]
[Black "Samset, Jon"]
[Result "1/2-1/2"]
[WhiteElo "1255"]
[BlackElo "1390"]
[Annotator "Lea,Per"]
[PlyCount "43"]
[EventDate "2023.09.07"]

1. e4 e5 2. Nf3 Nc6 3. Bb5 a6 4. Ba4 b5 5. Bb3 Na5 6. Nxe5 Nxb3 7. axb3 Qe7 8.
d4 Bb7 9. O-O Qh4 10. Nf3 Qg4 11. d5 Bc5 12. e5 Ne7 13. c4 bxc4 14. bxc4 Qxc4
15. d6 Nd5 16. b3 Qg4 17. Ra4 Qg6 18. Rc4 cxd6 19. exd6 Bxd6 20. Rd4 O-O 21.
Rxd5 Bxd5 22. Qxd5 Qxb1 23. Ba3 Qc2 24. Rc1 Qg6 25. Bxd6 Rfe8 26. Ra1 Rac8 27.
Ne5 Qe6 28. Qxe6 Rxe6 29. Nc4 Rxc4 30. bxc4 Rxd6 31. Rb1 h6 32. Kf1 Rc6 33. Rb4
d6 34. Ke2 Kf8 35. Kd3 a5 36. Ra4 Rc5 37. Ke4 Ke7 38. f4 Ke6 39. h3 d5+ 40.
cxd5+ Rxd5 41. Ra2 f5+ 42. Ke3 g5 43. fxg5 hxg5 44. g4 f4+ 45. Kf3 Kf6 46. h4
Rd3+ 47. Kf2 gxh4 48. Rxa5 h3 49. Rf5+ Ke6 50. Rxf4 1/2-1/2

[Event "Høstturneringen 2023"]
[Site "Ås, Viken NOR"]
[Date "2023.09.14"]
[Round "2"]
[White "Kvedalen, Sindre"]
[Black "Skaret, Runar"]
[Result "1-0"]
[WhiteElo "1107"]
[BlackElo "1292"]
[Annotator "Skaret,Runar"]
[PlyCount "55"]
[EventDate "2023.09.07"]

1. e4 {analysert av Stockfish og Runar} e6 2. d4 d5 3. e5 {french defence advance variation} c5 4. Nf3 Nc6 5. Be3 {her burde jeg ta hvit's d-bonde med min c-bonde. -0,5} a6 {men jeg har en annen ide. +0,3} 6. dxc5 Bxc5 7. Bxc5 {ideen min var å spille Da5+ med sjakk på kongen og vinne løperen tilbake. men jeg hadde oversett at hvit bare spiller b-bonden fram og dekker kongen og forsvarer løperen sin i ett. +3,9.} Qc7 {Da5 hadde likevel vært det beste trekket da jeg i dert minste hadde fått b-bonden i  kompensasjon med Sxb4. -4,7} 8. Bd6 Qb6 9. b3 f6 10. Qe2 {Le2 eller Ld3 hadde vært litt bedre. -3,9} Nd4 {jeg prøver å spille fiffig, men dette hjelper meg ikke. feks Sh6 hadde vært bedre. +4,8} 11. Nxd4 Qxd4 12. c3 Qb6 13. Qe3 Qc6 14. Qc5 Qxc5 15. Bxc5 fxe5 16. c4 Bd7 17. cxd5 exd5 18. Nc3 Rc8 19. Bb4 Nf6 20. g3 Bc6 21. Bg2 {stockfish synes svart har forbedret posisjonen sin litt etter litt i det siste, og har bedt om d4 de siste tre trekkene. +2,1} Kf7 {men jeg  er mer opptatt av å få tårnet mitt med og også være litt  nærmere med kongen i tilfelle feks Ld6 legger press på e-bonden min etter evt d4. +3,3} 22. O-O Rhe8 23. Bh3 {andriper mitt tårn. Tc7 taper tårnet etter Ld6 og Ta8 gjemmer det vekk} Rcd8 {så jeg flytter det hitt.} 24. Ba5 Rd6 25. Bc7 {men sindre fanger tårnet mitt likevel med et  par smarte trekk, og jeg angrer at jeg ikke spilte Ta8  +4,5} Bd7 26. Bxd6 Bxh3 27. Rfe1 Rc8 {e4 hadde vært bedre. +5,5} 28. Bxe5 {mine motspillsjanser er nå såpass begrenset at jeg gir opp} 1-0

[Event "Høstturneringen 2023"]
[Site "Ås, Viken NOR"]
[Date "2023.10.05"]
[Round "3"]
[White "Johansen, Anders Sten"]
[Black "Larsen, Jo Ingebrigt"]
[Result "0-1"]
[WhiteElo "1716"]
[BlackElo "1597"]
[Annotator "Lea,Per"]
[PlyCount "46"]

1. d4 Nf6 2. Nf3 d5 3. e3 Bf5 4. Nbd2 e6 5. b3 Nc6 6. a3 Bd6 7. Bb2 Qe7 8. Ne5
a6 9. c4 Bxe5 10. dxe5 Ng4 11. Nf3 Be4 12. Be2 dxc4 13. Bxc4 Rd8 14. Qe2 b5 15.
Bxb5 axb5 16. Qxb5 O-O 17. Qa4 Bxf3 18. gxf3 Ngxe5 19. Ke2 Ra8 20. Qe4 Qc5 21.
Rhd1 f5 22. Qb1 Qb5+ 23. Ke1 Nxf3# 0-1

[Event "Høstturneringen 2023"]
[Site "Ås, Viken NOR"]
[Date "2023.09.21"]
[Round "3"]
[White "Lea, Per"]
[Black "Smith, Robert M"]
[Result "1-0"]
[WhiteElo "1681"]
[BlackElo "1353"]
[Annotator "Lea,Per"]
[PlyCount "55"]
[EventDate "2023.09.07"]

1. c4 e6 2. g3 d5 3. Bg2 dxc4 4. Qa4+ Nd7 5. Qxc4 a6 6. Qc2 c5 7. e3 Ngf6 8. Ne2 Rb8 9. O-O b6 10. Nbc3 Bb7 11. b3 Bxg2 12. Kxg2 h5 13. h3 Qc7 14. Ne4 Qb7 15. N2c3 b5 16. f3 h4 17. g4 Nxe4 18. Qxe4 Qc7 19. f4 Rd8 20. Rf2 b4 21. Nd1 Nf6 22. Qf3 c4 23. bxc4 $2 (23. Bb2 $1 $16) 23... Qxc4 24. Nb2 Qe4 25. d4 Rc8 26. Bd2 Rc2 27. Be1 Bd6 28. Qxe4 {- og svart løftet springeren for å slå tilbake på e4, innså fadesen, og ga opp. Hvit hadde nok hatt en fordel hvis svart hadde lagt inn tårnsjakken først, men det er uklart om det hadde holdt til vinst. I noen raske etteranalyser anga hvit en mulig vinstvariant, men Stockfish fant flere forbedringer for svart i de analysene.} 1-0

[Event "Høstturneringen 2023"]
[Site "Ås, Viken NOR"]
[Date "2023.10.17"]
[Round "3"]
[White "Holm, Bjarne"]
[Black "Kielland-Lund, Jon"]
[Result "1-0"]
[WhiteElo "1736"]
[BlackElo "1715"]
[Annotator "Tactical Analysis 5.3 (5s)"]
[PlyCount "95"]
[EventDate "2023.09.07"]

1. c4 e5 2. g3 Nc6 3. Bg2 Nf6 4. Nc3 Bb4 5. a3 Bxc3 6. bxc3 d6 7. d3 h6 8. Rb1 {The position is equal.} O-O {[%cal Oe5e4]} 9. e3 {[%eval -63,22]} (9. e4 $11 {[%eval 2,20]}) 9... Na5 {[%eval -2,22]} ({Of course not} 9... Bg4 10. f3 Bc8 11. e4 $11) (9... e4 $1 $15 {[%eval -63,22]} 10. dxe4 Be6) 10. Ne2 {[%eval -58,23]} ({White should play} 10. e4 $11 {[%eval -2,22]}) 10... Bd7 {[%eval -24,22]} (10... e4 $1 $15 {[%eval -58,23] should be considered.}) 11. O-O Rb8 {[%eval 1,23]} (11... e4 $15 {[%eval -39,22]}) 12. h3 {[%eval -65,23]} (12. e4 $11 {[%eval 1,23]}) 12... b6 {[%eval 5,24]} (12... e4 $15 {[%eval -65,23]}) 13. Kh2 {[%eval -79,22]} (13. e4 $1 $11 {[%eval 5,24]}) 13... Re8 {[%eval 8,22]} ({Black should try} 13... e4 $1 $17 {[%eval -79,22]}) 14. e4 $11 Qe7 15. f4 Nh7 16. f5 b5 {[%eval 55,24]} (16... Nb7 $11 {[%eval 1,22]}) 17. cxb5 $14 Bxb5 18. Be3 Qd7 19. Ng1 {[%eval -6,23]} ({And not} 19. Bxa7 Ba4 20. Qd2 Rxb1 21. Rxb1 c5 $17) (19. c4 $14 {[%eval 52,24]} Ba4 20. Qe1 Rxb1 21. Qxb1) 19... c5 $11 {[%cal Bc7c5,Bc5c4][%mdl 32]} 20. Qd2 {[%eval -77,24]} (20. c4 $11 {[%eval -1,23] remains equal.} Ba4 21. Qe2) 20... c4 $1 $17 21. d4 Nb3 {Pair of Knights!} (21... exd4 {feels hotter.} 22. Bxd4 Nb3 23. Qc2 Ba4) 22. Qf2 a5 {[%eval 1,23]} (22... exd4 $17 {[%eval -76,22]} 23. cxd4 Nf6) 23. dxe5 {[%eval -41,24]} (23. Ne2 $11 {[%eval 1,23] deserves consideration.}) 23... dxe5 $15 24. f6 {Prevents Qe7.} Nxf6 {And now ...Bc6 would win.} 25. Bxh6 gxh6 {[%eval -1,26]} (25... Qe6 $15 {[%eval -70,24]} 26. Bg5 Nh7) 26. Qxf6 $11 Re6 27. Qf2 Qe7 28. Rbd1 {[%eval -66,23]} (28. Nf3 $11 {[%eval 22,23]}) 28... Be8 {[%eval -6,23]} (28... Bc6 $1 $15 {[%eval -66,23]}) 29. Qe2 {[%eval -55,22]} (29. Nf3 $11 {[%eval -6,23]}) 29... Rc8 {[%eval 88,24] [#]} (29... Qxa3 $15 {[%eval -55,22] keeps the upper hand.} 30. Qg4+ Rg6) 30. h4 {[%eval 19,22]} (30. Nf3 $1 $16 {[%eval 88,24][%cal Rf3e5]}) 30... Qxa3 $2 {[%eval 170,23]} (30... Rb8 $1 $11 {[%eval 19,22] and Black stays safe.}) 31. Bh3 $18 {[%mdl 64] Skewer} Qe7 32. Bf5 {[%eval 87,21]} (32. Bxe6 $18 {[%eval 210,24] is more deadly.} Qxe6 33. Rf5) 32... a4 $16 {[%cal Oc8a8]} 33. Qg4+ (33. Bxe6 Qxe6 34. Nh3 Nc5) 33... Kh8 {[%cal Oc8b8]} 34. Bxe6 fxe6 {[%eval 178,28]} (34... Qxe6 $16 {[%eval 76,26] might work better.} 35. Qxe6 fxe6) 35. Rf2 {[%eval 123,24]} (35. Nf3 $18 {[%eval 178,28]}) 35... Kh7 $2 {[%eval 278,26]} (35... Bf7 $16 {[%eval 123,24]}) 36. Rdf1 {Threatens to win with Nh3.} h5 $2 {[%eval 359,24]} (36... Nc5 {[%eval 192,26]}) 37. Qe2 $18 a3 38. Nh3 {Qe3 is the strong threat.} Nc5 39. Ng5+ Kg7 40. Qxc4 Rc7 41. Ra2 Ra7 {[%eval 661,26]} (41... Kg8 $142 {[%eval 471,24]} 42. Qb4 Nd3 43. Qxa3 Qxa3 44. Rxa3 Re7) 42. Qb4 Ra4 {[%eval 806,28]} (42... Nd3 $142 {[%eval 499,25]} 43. Qxe7+ Rxe7 44. Rxa3 Bb5) 43. Qb8 Nd3 44. Qb3 {[%eval 440,25]} (44. Rd1 $142 {[%eval 1276,25]}) 44... Nc5 45. Qc2 Qb7 $2 {[%eval 792,26]} (45... Kg6 {[%eval 388,24]} 46. c4 Ra7) 46. Qf2 {White threatens Qf8+ and mate.} Qe7 {[#] Inhibits Qf8+.} 47. Qe3 {[%eval 384,24]} (47. Qxc5 $142 $3 {[%eval 781,25][%mdl 512]} Qxc5 48. Nxe6+ Kg6 49. Nxc5) 47... Bg6 $2 {[%eval 764,26] [#]} (47... Nd7 {[%eval 384,24]} 48. c4 Kg6) 48. Qxc5 $3 {[%mdl 512] Weighted Error Value: White=0.64/Black=0.58} 1-0

[Event "Høstturneringen 2023"]
[Site "Ås, Viken NOR"]
[Date "2023.09.21"]
[Round "3"]
[White "Krasniqi, Isa"]
[Black "Bakken, Svein-Erik"]
[Result "0-1"]
[WhiteElo "1361"]
[BlackElo "1576"]
[PlyCount "65"]
[EventDate "2023.09.07"]

1. e4 c5 2. Nf3 Nc6 3. c3 e6 4. h3 Qc7 5. d3 Nf6 6. Be3 Be7 7. Qc1 d6 8. Be2
O-O 9. Nbd2 Bd7 10. Nc4 b5 11. Na3 a6 12. Nc2 Rac8 13. b3 Rfe8 14. a3 d5 15.
exd5 Nxd5 16. Bd2 Bf6 17. Ne3 Nce7 18. Ng4 Qb7 19. Nxf6+ Nxf6 20. c4 Ng6 21.
Bg5 e5 22. Bxf6 gxf6 23. Qh6 e4 24. dxe4 Qxe4 25. Qd2 Nf4 26. O-O Nxe2+ 27. Kh1
Qc6 28. Rae1 Nd4 29. Rxe8+ Rxe8 30. Nxd4 cxd4 31. f3 bxc4 32. Qxd4 cxb3 33. Rd1
Be6 34. Qxf6 Qc5 35. Rd4 Qc1+ 36. Kh2 b2 37. Rf4 {Hvit ga opp mens svart
vurderte om han skulle forenkle stillingen ved å ofra dronninga for hvits
tårn, eller gå inn og få ny dronning med en gang} 0-1

[Event "Høstturneringen 2023"]
[Site "Ås, Viken NOR"]
[Date "2023.09.21"]
[Round "3"]
[White "Heien, Aksel"]
[Black "Andersen, Odd"]
[Result "0-1"]
[WhiteElo "1355"]
[BlackElo "1758"]
[PlyCount "68"]

1. e4 c6 2. d4 d5 3. Nc3 dxe4 4. Nxe4 Nf6 5. Nxf6+ exf6 6. Nf3 Bg4 7. Be2 Bd6 8. O-O O-O 9. Re1 Nd7 10. c4 Re8 11. a3 a5 12. Be3 Nf8 13. h3 Be6 14. c5 Bc7 15. Rc1 Ng6 16. Bc4 Bxc4 17. Rxc4 Ne7 18. Qd2 Nd5 19. Kf1 Qd7 20. Rb1 Qf5 21. Rd1 Re4 22. Kg1 Rae8 23. Re1 g5 24. Nh2 h5 25. Rc2 g4 26. hxg4 hxg4 27. g3 Bxg3 28. fxg3 Rxe3 29. Rxe3 Rxe3 30. Qf2 Rxg3+ 31. Qxg3 Qxc2 32. Qb8+ Kg7 33. Qxb7 g3 34. Ng4 Qd1+ 0-1

[Event "Høstturneringen 2023"]
[Site "Ås, Viken NOR"]
[Date "2023.09.21"]
[Round "3"]
[White "Thowsen, Alf Geir"]
[Black "Furnes, Torstein"]
[Result "0-1"]
[WhiteElo "1338"]
[BlackElo "1723"]
[Annotator "Furnes,Torstein"]
[PlyCount "78"]
[EventDate "2023.09.07"]

1. d4 d5 2. c4 e6 3. Nc3 Nf6 4. Bg5 Be7 5. Nf3 O-O 6. e3 b6 7. cxd5 exd5 8. Bd3 Bg4 9. h3 Bh5 10. O-O Nbd7 11. Be2 Re8 12. Rc1 (12. Bb5 $18) 12... Nf8 {De fem neste trekkene er Stockfish sitt førstevalg å spille g4.} 13. Bf4 (13. g4 Bg6 14. Bb5 $18) 13... Ne6 14. Bh2 Bd6 15. Bxd6 Qxd6 16. Nb5 Qe7 17. Ne5 $11 {Så langt i partiet har Stockfish angitt hvit fordel, men nå er evalueringen nede på 0.} Bxe2 18. Qxe2 a6 19. Nc3 Qd6 20. Rc2 c5 21. Qd2 cxd4 22. exd4 Nxd4 $1 23. Qxd4 ({Alternativet var} 23. Nxf7 {men etter} Qc5 {er svarts springer beskyttet og det henger to hvite offiserer.}) 23... Rxe5 24. Re2 Rae8 25. Rfe1 Rxe2 26. Rxe2 Rxe2 27. Nxe2 Qc5 28. Qd3 Qc4 ({Stockfish sitt førstevalg er} 28... Ne4 {Jeg vurderte dette, men fant ut at jeg heller ville forenkle stillingen med dronningbytte.}) 29. Qxc4 (29. Qe3) 29... dxc4 30. Nc3 Kf8 31. f4 Ke7 32. Kf2 Kd6 33. Ke3 Nd5+ 34. Ke4 Nxc3+ 35. bxc3 Kc5 36. a4 b5 37. a5 b4 38. Ke3 bxc3 39. Ke2 Kb4 0-1

[Event "Høstturneringen 2023"]
[Site "Ås, Viken NOR"]
[Date "2023.09.21"]
[Round "3"]
[White "Kvedalen, Sindre"]
[Black "Brenden, Torbjørn"]
[Result "0-1"]
[WhiteElo "1107"]
[BlackElo "1616"]
[PlyCount "63"]
[EventDate "2023.09.07"]

1. e4 c6 2. Nc3 d5 3. Nf3 dxe4 4. Nxe4 Nf6 5. Qe2 Bg4 6. h3 Bxf3 7. Qxf3 Nbd7
8. Bc4 e6 9. d4 Be7 10. Nxf6+ Bxf6 11. Be3 O-O 12. O-O Nb6 13. Bd3 Nd5 14. Qe4
g6 15. Bh6 Bg7 16. Bxg7 Kxg7 17. Qe5+ Qf6 18. Qxf6+ Nxf6 19. b4 Nd5 20. a3 Rfd8
21. Bc4 Nc3 22. Rfe1 Rxd4 23. Bb3 Rad8 24. a4 Rxb4 25. Kf1 Re4 26. f3 Rxe1+ 27.
Kxe1 a5 28. Kf2 Rd2+ 29. Kg3 h5 30. Re1 h4+ 31. Kxh4 Rxg2 32. Re3 (32. Re3 Kh6
33. f4 (33. Rxc3 g5#) 33... Ne2) 0-1

[Event "Høstturneringen 2023"]
[Site "Ås, Viken NOR"]
[Date "2023.09.21"]
[Round "3"]
[White "Samset, Jon"]
[Black "Skaret, Runar"]
[Result "1-0"]
[WhiteElo "1390"]
[BlackElo "1292"]
[Annotator "Skaret,Runar"]
[PlyCount "87"]
[EventDate "2023.09.07"]

1. e4 {notater fra runar & stockfish} b6 {owens defence.} 2. d4 Bb7 3. Bd3 e6 4. Nf3 c5 5. Nbd2 cxd4 6. Nxd4 Nf6 7. O-O Be7 {d6 eller Sc6 var bedre. +1,1} 8. c4 {stockfish  ville heller ha e5 for hvit, men jeg synes dette var et godt timet trekk. det stoppet mange av ideene jeg hadde til å fortsette. +0,1} Bc5 9. N4f3 d6 10. a3 a5 11. Qc2 {svart's beste stilling i hele partiet og det anbefales Sc6  eller o-o. -0,5} e5 {dette føltes veldig solid for meg, men stockfish synes det svekker stillingen. +0,5} 12. Nb3 {stockfish anbefalte Sb1 istedet, muligens for å manøvrere videre til c3 og b5. -0,3} Nbd7 13. Nxc5 Nxc5 14. Bg5 {svart kan nå vinne e4-bonden. Computeren anbefaler Scxe4.  -0,4} Bxe4 {+0,2} 15. Bxe4 Ncxe4 16. Be3 a4 17. Rad1 O-O 18. Nxe5 Qc7 19. Nf3 b5 20. Nd2 d5 21. Nxe4 dxe4 22. c5 Ng4 23. g3 Nxe3 24. fxe3 {jevnt spill i denne perioden. +0,4} Qc6 {men her velger jeg feil plan. bedre hadde vært å sentralisere tårnene eller spille h-bonden. men jeg prøver å stagge c-bonden og beskytte e-bonden i samme trekk. +2,6} 25. Rd6 {jon finner det beste trekket} Qc7 26. Rfd1 Rac8 27. c6 f5 28. Qc3 Rf6 {i mangel av gode trekk tar jeg et risky trekk. +5,1} 29. Rxf6 gxf6 30. Qxf6 Qxc6 {jeg hadde sett for meg Dxf5 som ville gitt meg noen motspillsjanser} 31. Rd8+ {men dette trekket med sjakk er mye bedre for Jon og vinner dronninga} Rxd8 32. Qxc6 Rd1+ {jeg må velge mellom å gi opp partiet eller håpe på et mirakel} 33. Kg2 Rd2+ 34. Kh3 Rxb2 35. Qd5+ Kf8 36. Qxf5+ Kg8 37. Qd5+ Kf8 38. Qxe4 b4 39. Qf4+ Kg8 40. Qc4+ Kf8 41. axb4 a3 42. Qc3 Ra2 43. Qf6+ Kg8 44. Qe6+ {[%eval 32748,0] men Jon har full kontroll.} 1-0

[Event "Høstturneringen 2023"]
[Site "Ås, Viken NOR"]
[Date "2023.10.12"]
[Round "4"]
[White "Larsen, Jo Ingebrigt"]
[Black "Lea, Per"]
[Result "0-1"]
[WhiteElo "1597"]
[BlackElo "1681"]
[Annotator "Lea,Per"]
[PlyCount "26"]
[EventDate "2023.09.07"]

1. d4 f5 2. Nc3 Nf6 3. Nf3 g6 4. Bg5 Bg7 5. Bxf6 Bxf6 6. e4 d6 7. e5 Bg7 8. Bc4 c6 9. e6 $4 {Fristende, Men dessverre holder det ikke. Hvits drøm er å få plantet springeren på f7.} ({Såvel} 9. exd6 exd6) ({som} 9. h4 {gir hvit en behagelig fordel - og svart en evig hodepine som garantert ville ført rett inn i en tidsnød.}) 9... d5 10. Ng5 $2 dxc4 11. Nf7 Qxd4 12. Qxd4 Bxd4 13. O-O-O Bxe6 {Hvit blir liggende under med tårn mot 2 lette offiserer og 2 bønder og foretrakk å gi opp og tenne en sur røyk i stedet.} 0-1

[Event "Høstturneringen 2023"]
[Site "Ås, Viken NOR"]
[Date "2023.11.02"]
[Round "4"]
[White "Kielland-Lund, Jon"]
[Black "Bakken, Svein-Erik"]
[Result "1-0"]
[WhiteElo "1715"]
[BlackElo "1576"]
[Annotator "Tactical Analysis 5.3 (5s)"]
[PlyCount "120"]
[EventDate "2023.09.07"]

1. c4 c5 2. Nf3 Nc6 3. d4 cxd4 4. Nxd4 a6 5. Nc3 e6 6. e4 Bb4 {[%eval 73,22]} (6... Qc7 $14 {[%eval 35,19]}) 7. Nc2 {[%eval 8,21]} (7. Nxc6 $16 {[%eval 73,22]} bxc6 8. Qd4) 7... Be7 {[%eval 45,20]} (7... Bxc3+ $11 {[%eval 8,21] deserves consideration.} 8. bxc3 Nf6) 8. Be3 Nf6 9. Be2 {White is slightly better.} O-O 10. O-O d6 11. Qd2 Bd7 12. f3 Ne5 {[%cal Ob7b5]} 13. Rac1 {[%eval -1,22]} (13. a4 $14 {[%eval 40,21]}) 13... Rc8 (13... b5 $5) 14. b3 Nc6 15. Rfd1 h6 16. Kh1 Ne5 17. Bd4 {[%cal Oc4c5]} Qc7 {[%eval 108,23] Against c5} (17... Bc6 $14 {[%eval 45,21]}) 18. Qe3 {[%eval 35,22]} (18. f4 $16 {[%eval 108,23]}) 18... Bc6 19. Bb6 Qb8 20. Qf2 Ned7 21. Be3 Nh7 {[%eval 85,21]} (21... b6 $14 {[%eval 41,18] should be considered.}) 22. Qg3 $16 Kh8 23. Bf4 {[%cal Rf4d6]} e5 {[%eval 96,21]} (23... Ne5 $14 {[%eval 63,22] might be stronger.}) 24. Be3 f5 25. exf5 Rxf5 26. Bd3 $40 {[%mdl 128] White wants a kill.} Rf6 27. Nb4 {White is much more active.} Rcf8 {[%eval 285,25]} (27... Ndf8 $142 {[%eval 180,23]} 28. c5 dxc5) 28. Nbd5 R6f7 29. Bg6 Bg5 30. Bxg5 Nxg5 31. Bxf7 Rxf7 32. Ne4 Nxe4 33. fxe4 Qf8 34. Kg1 {Inhibits Rf2.} Nc5 35. Qe3 {[%eval 92,22]} (35. Qg4 $18 {[%eval 186,23]}) 35... Ne6 {[%eval 208,25]} (35... Kh7 $16 {[%eval 92,22]} 36. Rc2 Qe8) 36. Rf1 $18 Nf4 37. g3 Nh3+ 38. Kg2 {[#] aiming for Rxf7.} Bd7 39. Rxf7 Qxf7 40. Qf3 {[%eval 119,26]} (40. Rf1 $18 {[%eval 188,26]} Qg6 41. Ne7) 40... Qg6 {[%eval 197,29]} (40... Qe8 $16 {[%eval 119,26]} 41. Rf1 Kg8) 41. Re1 {[%cal Bc1e1,Be1f1,Bf1f8][%mdl 32] Qf8+ is the strong threat.} Qg5 {[%eval 230,28]} (41... Qe8 {[%eval 178,25] was necessary.} 42. Rf1 Kg8) 42. Qe3 {Black must now prevent Qxg5.} Qg4 43. Rf1 Ng5 44. Kh1 {[%eval 106,23]} (44. Qd3 $18 {[%eval 169,26]}) 44... Qh3 {[%eval 147,29]} ({Black should try} 44... b5 {[%eval 106,23]}) 45. Rf8+ $16 Kh7 46. Nc3 {[%eval 68,24]} (46. Kg1 $16 {[%eval 152,26]}) 46... Bg4 $14 47. Ne2 Qh5 48. Ng1 Nh3 {[%eval 117,28] [#]} (48... Qg6 $11 {[%eval 1,26] remains equal.}) 49. Nxh3 {[%eval 63,28]} (49. Qd3 $1 $16 {[%eval 117,28]}) 49... Bxh3 $16 {[%mdl 4096] Endgame KQR-KQB} 50. Rf3 Bg4 {[%eval 135,26]} (50... b5 $14 {[%eval 58,28]}) 51. Rf2 Bh3 {( ? ...Qd1+)} 52. Qd2 {[%eval 81,29] Against Qd1+} ({Better is} 52. Qd3 {[%eval 128,25]}) 52... Qg6 53. Qd5 Bg4 {[%eval 151,26]} (53... Qg5 $14 {[%eval 69,28]} 54. Qd2 Qg4) 54. Kg2 Bd7 $2 {[%eval 295,28] Loses the game.} (54... Be6 $16 {[%eval 128,25] is a better defense.} 55. Qd3 (55. Qxb7 d5 $11) 55... Bd7) 55. Qxb7 $18 Qe6 {[%eval 487,28]} (55... Be6 {[%eval 300,25] might work better.} 56. h3 Qg5) 56. Qd5 Qh3+ {[%eval 729,27]} (56... Qg6 {[%eval 297,26]} 57. b4 Be6) 57. Kg1 {White is clearly winning.} Qg4 58. Qxd6 Be8 59. Qxe5 Bg6 60. Qf4 {De siste 17 trekkene klarte jeg ikke å rekonstruere, men partiet er jo tapt for svart. På engelsk kaller man det "chopping wood".} Qd7 {Weighted Error Value: White=0.30/Black=0.37} 1-0